[Event "Ceriano Laghetto op-B 20th"]
[Site "Ceriano Laghetto"]
[Date "2011.04.02"]
[Round "3"]
[White "Pandini, Giuseppe"]
[Black "Milu, Tatiana"]
[Result "1/2-1/2"]
[WhiteElo "1753"]
[BlackElo "1665"]
[PlyCount "58"]
[EventDate "2011.04.01"]
[EventType "swiss"]
[EventRounds "5"]
[EventCountry "ITA"]
[SourceTitle "EXT 2023"]
[Source "ChessBase"]
[SourceDate "2022.10.05"]
[SourceVersion "1"]
[SourceVersionDate "2022.10.05"]
[SourceQuality "1"]

1. f4 Nf6 2. Nf3 d6 3. e3 Nc6 4. b3 e6 5. Bb2 a6 6. Be2 b6 7. c4 Bb7 8. 0-0 h6 9. Ne1 Ne7 10. Bf3 Bxf3 11. Nxf3 Nd7 12. Nc3 Nc5 13. d4 Nb7 14. Qc2 c6 15. Rad1 d5 16. cxd5 cxd5 17. Qe2 b5 18. a4 b4 19. Na2 Nc6 20. Nc1 Be7 21. Nd3 0-0 22. Rc1 Nca5 23. Nd2 Qd7 24. Ne5 Qd6 25. Rc2 f6 26. Nd3 Rac8 27. Rfc1 Qd7 28. Nc5 Nxc5 29. dxc5 Rc6 1/2-1/2